000 00559nam a2200205 i 4500
001 bg
100 1 _aCHMIELEWSKI, Heliodor
245 0 _aIlustrowany słownik techniczny dla wszystkich /
_cHeliodor Chmielewski, Ignacy Baran, Stefan Skupiński.
250 _aWyd.3 całkowicie przerob.
260 _aWarszawa,
_c1968.
650 9 _aTechnika
655 _aEncyklopedie
700 1 _aBARAN, Ignacy
700 1 _aSKUPIŃSKI, Stefan
040 _cBPK
041 _apol
080 _a62(03)
942 _cKS
008 s pl f |000 0 pol
999 _c35707
_d35707
856 _uhttp://koha.tu.koszalin.pl/cgi-bin/koha/opac-detail.pl?biblionumber=35707
_yKatalog online BPK